[Event "GER-chT U12 Girls"]
[Site "Magdeburg"]
[Date "2023.12.30"]
[Round "7.3"]
[White "Ramien, Eva"]
[Black "Zhou, Leyi Charlotte"]
[Result "0-1"]
[WhiteElo "1324"]
[BlackElo "1335"]
[PlyCount "72"]
[EventDate "2023.12.26"]
[EventType "team-swiss"]
[EventRounds "7"]
[EventCountry "GER"]
[SourceTitle "CB03_2024"]
[SourceDate "2024.01.17"]
[SourceVersion "1"]
[SourceVersionDate "2024.01.17"]
[SourceQuality "1"]
[WhiteTeam "Porz SG"]
[BlackTeam "Weisse Dame"]
[WhiteTeamCountry "GER"]
[BlackTeamCountry "GER"]

1. e4 e5 2. Nf3 Nc6 3. d4 exd4 4. Bc4 Nf6 5. e5 d5 6. Bb5 Ne4 7. Nxd4 Bd7 8. Bxc6 Bxc6 9. f3 Ng5 10. f4 Ne6 11. Nxe6 fxe6 12. Qh5+ g6 13. Qg4 Qe7 14. Be3 0-0-0 15. Bd4 Bd7 16. Nd2 Qb4 17. Bc3 Qb6 18. Nb3 Qe3+ 19. Kd1 Qe4 20. Re1 Qc4 21. Kd2 Kb8 22. Qh4 Bb4 23. Bxb4 Qxb4+ 24. c3 Qb6 25. Kc2 Ba4 26. Rf1 d4 27. Rad1 d3+ 28. Rxd3 Rxd3 29. Kxd3 Bb5+ 30. c4 Bxc4+ 31. Kxc4 Qa6+ 32. Kb4 Qxf1 33. Qf6 Qe1+ 34. Ka3 Rc8 35. Qxe6 Qe3 36. Qf7 a5 0-1

[Event "GER-chT U12 Girls"]
[Site "Berlin"]
[Date "2022.12.29"]
[Round "7.3"]
[White "Fomenkova, Elina"]
[Black "Ramien, Eva"]
[Result "1/2-1/2"]
[WhiteElo "996"]
[BlackElo "915"]
[PlyCount "66"]
[EventDate "2022.12.26"]
[EventType "team-swiss"]
[EventRounds "7"]
[EventCountry "GER"]
[SourceTitle "EXT 2024"]
[Source "ChessBase"]
[SourceDate "2023.10.10"]
[SourceVersion "1"]
[SourceVersionDate "2023.10.10"]
[SourceQuality "1"]
[WhiteTeam "Hamburger SK"]
[BlackTeam "Porz SG"]
[WhiteTeamCountry "GER"]
[BlackTeamCountry "GER"]

1. Nf3 Nc6 2. b3 d6 3. Bb2 e5 4. e3 a6 5. Be2 Nf6 6. 0-0 g6 7. d4 Bd7 8. dxe5 dxe5 9. Nxe5 Nxe5 10. Bxe5 Bg7 11. Nd2 0-0 12. c4 Re8 13. Nf3 Bc6 14. Qxd8 Raxd8 15. Bxc7 Rc8 16. Bd6 Ne4 17. Rad1 Nc3 18. Rd2 Nxe2+ 19. Rxe2 Bxf3 20. gxf3 Red8 21. Be7 Rd7 22. Bb4 b6 23. a4 a5 24. Rd2 Rb7 25. Ba3 Bc3 26. Rc2 Bg7 27. Rd2 Rbb8 28. b4 axb4 29. Bxb4 Ra8 30. Rd6 Bf8 31. Rxb6 Rxa4 32. c5 Ra1 33. Kg2 Rb1 1/2-1/2

[Event "GER-chT U12 Girls"]
[Site "Willingen"]
[Date "2022.08.14"]
[Round "3.2"]
[White "Ramien, Eva"]
[Black "Eger, Nora"]
[Result "1/2-1/2"]
[WhiteElo "929"]
[BlackElo "1248"]
[PlyCount "94"]
[EventDate "2022.08.13"]
[EventType "team-swiss"]
[EventRounds "7"]
[EventCountry "GER"]
[SourceTitle "EXT 2023"]
[Source "ChessBase"]
[SourceDate "2022.10.05"]
[SourceVersion "1"]
[SourceVersionDate "2022.10.05"]
[SourceQuality "1"]
[WhiteTeam "Porz SG"]
[BlackTeam "Altenberg"]
[WhiteTeamCountry "GER"]
[BlackTeamCountry "GER"]

1. e4 d6 2. d4 g6 3. Nc3 Bg7 4. Nf3 Nf6 5. h3 Nbd7 6. Be3 e5 7. dxe5 dxe5 8. Qd2 a6 9. Be2 Qe7 10. 0-0 0-0 11. Bh6 b6 12. Bxg7 Kxg7 13. a3 Bb7 14. Bd3 Rad8 15. Qe2 Nc5 16. b4 Nxd3 17. cxd3 Rfe8 18. Rfd1 Rd6 19. d4 Red8 20. dxe5 Rxd1+ 21. Nxd1 Nxe4 22. Qe3 h6 23. Nc3 Nxc3 24. Qxc3 Bxf3 25. Qxf3 Qxe5 26. Rf1 Qd5 27. Qc3+ Kg8 28. Qxc7 Qd6 29. Qc2 b5 30. Qb3 Qd5 31. Qxd5 Rxd5 32. Ra1 Rd4 33. Kf1 Kg7 34. Ke2 Kf6 35. Rc1 Rd6 36. Rc5 Ke6 37. Rc3 Kf6 38. Rf3+ Kg7 39. g3 Rf6 40. Ke3 Rxf3+ 41. Kxf3 Kf6 42. h4 g5 43. hxg5+ hxg5 44. Kg4 Kg6 45. f4 f5+ 46. Kf3 gxf4 47. gxf4 Kf6 1/2-1/2

[Event "GER-chT U12 Girls"]
[Site "Willingen"]
[Date "2022.08.13"]
[Round "1.6"]
[White "Ramien, Eva"]
[Black "Doberchak, Emily Alice"]
[Result "1-0"]
[WhiteElo "929"]
[BlackElo "928"]
[PlyCount "93"]
[EventDate "2022.08.13"]
[EventType "team-swiss"]
[EventRounds "7"]
[EventCountry "GER"]
[SourceTitle "EXT 2023"]
[Source "ChessBase"]
[SourceDate "2022.10.05"]
[SourceVersion "1"]
[SourceVersionDate "2022.10.05"]
[SourceQuality "1"]
[WhiteTeam "Porz SG"]
[BlackTeam "Garching"]
[WhiteTeamCountry "GER"]
[BlackTeamCountry "GER"]

1. e4 e5 2. Nf3 Nc6 3. Bc4 Nf6 4. Ng5 d5 5. Bxd5 Nxd5 6. Nxf7 Kxf7 7. Qf3+ Ke8 8. exd5 Nd4 9. Qd1 Bc5 10. c3 Nb5 11. 0-0 Nd6 12. Qh5+ Nf7 13. Re1 Kf8 14. Qd1 Qf6 15. Rf1 Bd6 16. d4 exd4 17. cxd4 Qg6 18. Kh1 b6 19. Nc3 Bb7 20. Be3 c6 21. dxc6 Bxc6 22. f3 Qh5 23. h3 Bb8 24. Rg1 Qg6 25. d5 Qd6 26. g3 Bd7 27. Ne4 Qg6 28. Qf1 Qh5 29. Kh2 Be5 30. f4 Bxb2 31. Rb1 Bf6 32. Rd1 Rc8 33. g4 Qg6 34. f5 Bxf5 35. gxf5 Qxf5 36. Qxf5 Rc2+ 37. Rg2 Rc8 38. Qxc8+ Bd8 39. Nd6 Ke7 40. Nxf7 Kxf7 41. Qd7+ Be7 42. Bg5 Re8 43. Re1 h6 44. Rxe7+ Rxe7 45. Qxe7+ Kg8 46. Be3 b5 47. Qxg7# 1-0

[Event "Bad Soden U10 op"]
[Site "Bad Soden"]
[Date "2019.10.04"]
[Round "4"]
[White "Heidtkamp, Anna"]
[Black "Ramien, Eva"]
[Result "0-1"]
[WhiteElo "814"]
[BlackElo "764"]
[PlyCount "43"]
[EventDate "2019.10.03"]
[EventType "swiss"]
[EventRounds "9"]
[EventCountry "GER"]
[SourceTitle "CBM 192 Extra"]
[Source "Chessbase"]
[SourceDate "2019.11.06"]
[SourceVersion "1"]
[SourceVersionDate "2019.11.06"]
[SourceQuality "1"]

1. e4 e5 2. Nf3 Nc6 3. Bc4 Bc5 4. 0-0 Nf6 5. c3 d6 6. h3 Be6 7. Bxe6 fxe6 8. Qb3 0-0 9. Qxb7 Na5 10. Qb5 c6 11. Qa4 h6 12. Re1 d5 13. b4 Bxb4 14. cxb4 Nc4 15. Qxc6 Rc8 16. Qxe6+ Kh7 17. Qf5+ Kh8 18. exd5 Nxd5 19. Qe4 Rf4 20. Qg6 Ne7 21. Qg3 Nf5 22. Rd1 0-1

[Event "Bad Soden U10 op"]
[Site "Bad Soden"]
[Date "2019.10.03"]
[Round "1"]
[White "Ramien, Eva"]
[Black "Bogiatzis, Panagiotis"]
[Result "0-1"]
[WhiteElo "764"]
[BlackElo "1159"]
[PlyCount "42"]
[EventDate "2019.10.03"]
[EventType "swiss"]
[EventRounds "9"]
[EventCountry "GER"]
[SourceTitle "CBM 192 Extra"]
[Source "Chessbase"]
[SourceDate "2019.11.06"]
[SourceVersion "1"]
[SourceVersionDate "2019.11.06"]
[SourceQuality "1"]

1. e4 e5 2. Nf3 Nc6 3. Bc4 Bc5 4. Nc3 Nf6 5. d3 0-0 6. Bg5 Be7 7. 0-0 d6 8. h3 Nh5 9. Nd5 Bxg5 10. Nd2 Nf4 11. g3 Nxh3+ 12. Kh1 Bxd2 13. Qxd2 Ng5 14. Qc3 Nf3 15. Bb5 Nfd4 16. Bxc6 Nxc6 17. Qb3 Nd4 18. Qc3 Qg5 19. Qxc7 Qh5+ 20. Kg2 Qh3+ 21. Kg1 Nf3# 0-1